Guess the Movie by Ice Nine Kills Song - Statistics

General Stats
  • This quiz has been taken 277 times
  • The average score is 20 of 26
Answer Stats
Hint Answer % Correct
Thank God It's Friday Friday the 13th
97%
IT Is The End It
94%
The American Nightmare Nightmare On Elm Street
94%
Stabbing in the Dark Halloween
93%
Assault & Batteries Child's Play
90%
Rocking the Boat Jaws
90%
The Jig Is Up Saw
90%
Hip to be Scared American Psycho
88%
Your Number's Up Scream
88%
The Shower Scene Psycho
85%
Enjoy Your Slay The Shining
81%
A Grave Mistake The Crow
80%
F.L.Y. The Fly
77%
Rainy Day Resident Evil
75%
Farewell II Flesh Candyman
74%
Savages Texas Chainsaw Massacre
74%
The Box Hellraiser
71%
Ex-Mortis Evil Dead
68%
Wurst Vacation Hostel
65%
Funeral Derangements Pet Sematary
65%
Merry Axe-mas Silent Night, Deadly Night
63%
The World In My Hands Edward Scissorhands
61%
Take Your Pick My Bloody Valentine
61%
A Rash Decision Cabin Fever
60%
Love Bites An American Werewolf in London
59%
Freak Flag The Devil's Rejects
50%
No matching quizzes found
Score Distribution
Percent of People with Each Score
Percentile by Number Answered
Your Score History
You have not taken this quiz